Laufey Dance With You Tonight Lyrics - Statistics

General Stats
  • This quiz has been taken 11 times
  • The average score is 98 of 133
Answer Stats
Answer % Correct
a
100%
dance
100%
I
100%
me
100%
the
100%
to
100%
tonight
100%
with
100%
you
100%
And
86%
is
86%
my
86%
boy,
71%
do
71%
don't
71%
energy
71%
gin
71%
have
71%
hitting
71%
I'm
71%
it's
71%
on
71%
or
71%
Shame
71%
Silly
71%
sorry
71%
talk
71%
three
71%
would've
71%
Would've
71%
You're
71%
all
57%
almost
57%
Am
57%
another
57%
anymore
57%
ask
57%
better
57%
But
57%
can't
57%
charmer,
57%
cold
57%
come
57%
crazy
57%
danced
57%
dear,
57%
for
57%
go
57%
half-past
57%
if
57%
mean
57%
Now
57%
off
57%
out
57%
own
57%
Please
57%
seeing
57%
stand
57%
sure
57%
swing
57%
that's
57%
things?
57%
No matching quizzes found
Score Distribution
Percent of People with Each Score
Percentile by Number Answered
Your Score History
You have not taken this quiz